000 01074nam a22002537a 4500
008 130310t xxu||||| |||| 00| 0 eng d
020 _a9-7804-1404-5064
082 _222 ed.
_a344.4102
_bBON
100 _aCommentary by Bonner David
_97094
245 _aSocial security legislation 2010-2011 vol.1: non meanstested benefits and employment and support allowance /
_cCommentary by David Bonner …[et al]
260 _aEngland :
_bThomson Reuters
_c2010
300 _alvii, 1478 P. ;
_c25 cm.
500 _aIncludes Index
650 _aEmployment law
_96909
650 _a Employment
_96951
650 _aSocial security legislation 2010-2011 vol.1: non meanstested benefits and employment and support allowance
_97095
700 _aHooker, Ian
_97096
700 _aPoynter, Richard
_97097
700 _aWhite, Robin
_97098
700 _aWikeley, Nick
_97099
700 _aWood, Penny
_97100
942 _2ddc
_cBK
999 _c5335
_d5335